人口19万超都市(面積順) - Statistics

General Stats
  • This quiz has been taken 149 times
  • The average score is 96 of 146
Answer Stats
Hint Answer % Correct
静岡県 浜松市
100%
静岡県 静岡市
99%
富山県 富山市
99%
北海道 札幌市
96%
山口県 山口市
95%
福島県 いわき市
94%
長野県 松本市
94%
広島県 広島市
89%
愛知県 豊田市
88%
新潟県 上越市
87%
秋田県 秋田市
87%
岡山県 岡山市
87%
宮城県 仙台市
87%
岩手県 盛岡市
86%
京都府 京都市
86%
青森県 青森市
86%
福島県 福島市
86%
鳥取県 鳥取市
86%
三重県 津市
86%
兵庫県 神戸市
86%
福岡県 北九州市
86%
神奈川県 横浜市
86%
長野県 長野市
85%
新潟県 新潟市
85%
北海道 函館市
85%
島根県 松江市
85%
鹿児島県 鹿児島市
85%
福井県 福井市
85%
大分県 大分市
85%
石川県 金沢市
85%
滋賀県 大津市
85%
熊本県 熊本市
85%
福島県 郡山市
84%
北海道 旭川市
84%
山口県 下関市
84%
兵庫県 姫路市
84%
群馬県 高崎市
84%
佐賀県 佐賀市
84%
栃木県 宇都宮市
84%
山形県 山形市
84%
香川県 高松市
84%
福岡県 福岡市
84%
新潟県 長岡市
83%
宮崎県 宮崎市
83%
愛媛県 松山市
83%
神奈川県 相模原市
83%
広島県 福山市
82%
長崎県 長崎市
82%
岡山県 倉敷市
82%
群馬県 前橋市
82%
高知県 高知市
82%
長崎県 佐世保市
81%
愛知県 岡崎市
81%
広島県 呉市
81%
青森県 八戸市
81%
愛知県 名古屋市
80%
奈良県 奈良市
80%
千葉県 千葉市
80%
茨城県 つくば市
79%
大阪府 大阪市
79%
埼玉県 さいたま市
79%
広島県 東広島市
78%
茨城県 水戸市
78%
山梨県 甲府市
78%
和歌山県 和歌山市
78%
岐阜県 岐阜市
78%
徳島県 徳島市
78%
東京都 八王子市
78%
千葉県 市原市
77%
静岡県 富士市
77%
三重県 四日市市
77%
福岡県 久留米市
76%
三重県 鈴鹿市
76%
神奈川県 川崎市
76%
大阪府 堺市
75%
愛知県 豊橋市
74%
静岡県 沼津市
72%
愛知県 一宮市
72%
群馬県 伊勢崎市
71%
千葉県 柏市
71%
神奈川県 小田原市
71%
群馬県 太田市
69%
埼玉県 熊谷市
69%
兵庫県 加古川市
68%
埼玉県 川越市
68%
神奈川県 横須賀市
66%
大阪府 高槻市
65%
千葉県 船橋市
65%
東京都 町田市
64%
兵庫県 西宮市
63%
兵庫県 宝塚市
62%
神奈川県 厚木市
62%
埼玉県 所沢市
60%
愛知県 春日井市
59%
大阪府 茨木市
59%
神奈川県 藤沢市
58%
神奈川県 平塚市
58%
沖縄県 那覇市
58%
大阪府 枚方市
55%
千葉県 松戸市
54%
埼玉県 春日部市
53%
千葉県 市川市
52%
埼玉県 川口市
51%
兵庫県 尼崎市
49%
兵庫県 明石市
49%
東京都 世田谷区
48%
大阪府 岸和田市
47%
埼玉県 越谷市
47%
大阪府 豊中市
47%
大阪府 吹田市
47%
神奈川県 茅ヶ崎市
47%
大阪府 東大阪市
46%
東京都 大田区
45%
千葉県 八千代市
45%
大阪府 八尾市
45%
千葉県 流山市
44%
兵庫県 伊丹市
44%
神奈川県 大和市
43%
大阪府 寝屋川市
43%
埼玉県 上尾市
41%
埼玉県 草加市
39%
東京都 江戸川区
38%
東京都 練馬区
38%
東京都 足立区
36%
東京都 台東区
36%
東京都 江東区
34%
東京都 杉並区
32%
東京都 葛飾区
31%
東京都 府中市
31%
東京都 文京区
31%
東京都 荒川区
31%
東京都 板橋区
29%
東京都 北区
28%
東京都 西東京市
28%
東京都 渋谷区
28%
東京都 豊島区
28%
東京都 品川区
27%
東京都 港区
27%
東京都 新宿区
27%
東京都 中野区
27%
東京都 目黒区
27%
東京都 三鷹市
26%
東京都 墨田区
26%
東京都 調布市
25%
東京都 小平市
24%
東京都 日野市
22%
No matching quizzes found
Score Distribution
Percent of People with Each Score
Percentile by Number Answered
Your Score History
You have not taken this quiz